El posturismo: turismo y posmodernidad

Gespeichert in:
Bibliographische Detailangaben
1. Verfasser: Molina E., Sergio (autor)
Format: Buch
Sprache:Spanisch
Veröffentlicht: Ciudad de México Trillas 2006
Ausgabe:1a. ed
Schriftenreihe:Trillas Turismo
Schlagworte:
Tags: Tag hinzufügen
Keine Tags, Fügen Sie den ersten Tag hinzu!

MARC

LEADER 00000nam a2200000 a 4500
001 UCG0796
003 CL-VaPUC
008 100408e20060000MX |||||||||||||||||spa|d
020 |a 9789682473225 
082 0 4 |a 338.4791  |b MOL  |2 21 
100 |a Molina E., Sergio  |e autor  |9 548362 
245 1 3 |a El posturismo: turismo y posmodernidad 
250 |a 1a. ed 
300 |a 101 p 
942 |c BK 
945 |d 20100408 00:00:00  |a rbrito 
260 |a Ciudad de México  |b Trillas  |c 2006 
650 0 |a Turismo  |9 308920 
650 0 |a Desarrollo turístico   |9 525699 
650 0 |a Industria turística  |9 347913 
650 0 |a Actividades al aire libre  |9 548286 
650 0 |a Ocio  |9 336997 
583 |a last modification  |c 20130328 01:02:56  |k Rodrigo Vera 
490 0 |a Trillas Turismo 
999 |c 340319  |d 340317 
952 |0 0  |1 0  |4 0  |6 338_479100000000000_MOL_2006  |7 0  |8 A  |9 434928  |a BIBING  |b BIBING  |d 2019-11-22  |i 4657934  |o 338.4791 MOL 2006  |p 4657934  |r 2025-01-20  |w 2019-11-22  |y BK  |k GEO